Statistics for Top World Languages on a Map

Click here to take the quiz!

General Stats

  • This quiz has been taken 39,274 times
  • The average score is 36 of 100

Answer Stats

Pop. Language % Correct
405Spanish
99%
360English
99%
75French
97%
155Russian
97%
215Portuguese
96%
95German
95%
59Italian
94%
955Mandarin
93%
125Japanese
93%
295Arabic
92%
40Polish
88%
8.7Swedish
88%
63Turkish
87%
12Greek
87%
21Dutch
86%
76Korean
83%
310Hindi
79%
24Romanian
78%
77Malay/Indonesian
76%
19Serbo-Croatian
75%
13Hungarian
73%
10Czech
73%
30Ukrainian
73%
56Thai
69%
59Cantonese
68%
45Persian
65%
28Tagalog
65%
76Vietnamese
64%
7.6Belarusian
63%
9.6Haitian Creole
59%
205Bengali
55%
11Kazakh
54%
66Urdu
53%
16Khmer
52%
15Somali
51%
23Azerbaijani
45%
70Tamil
44%
26Uzbek
42%
21Kurdish
42%
33Burmese
41%
10.4Zulu
35%
16Turkmen
35%
39Pashto
34%
100Punjabi
34%
82Javanese
30%
80Wu
28%
8.4Hmong
27%
47Min Nan
26%
49Gujarati
22%
8.9Quechua
21%
25Amharic
21%
17Nepali
21%
7.6Xhosa
20%
9.8Kinyarwanda
19%
18Malagasy
18%
24Igbo
17%
76Telugu
16%
8.8Kirundi
16%
73Marathi
15%
16Sinhalese
15%
8.2Uyghur
14%
28Yoruba
13%
38Kannada
13%
38Malayalam
12%
34Hausa
10%
31Hakka
8%
26Sindhi
8%
15Assamese
8%
33Oriya
8%
38Sundanese
7%
21Cebuano
7%
7.6Balochi
6%
24Oromo
6%
48Jin
6%
38Xiang
6%
24Fula
5%
29Bhojpuri
5%
8.3Shona
5%
22Gan
5%
9.1Ilocano
4%
22Awadhi
4%
7.4Konkani
4%
27Maithili
4%
12Chewa
4%
16Chittagonian
3%
8.2Hiligaynon
3%
11Deccan
3%
11Akan
3%
10.9Northern Min
3%
16Zhuang
3%
10.7Sylheti
3%
14Marwari
3%
9.5Eastern Min
3%
15Madurese
2%
14Magahi
2%
7.6Mossi
2%
17Saraiki
2%
12Chhattisgarhi
2%
14Haryanvi
2%
9.6Dhundhari
1%

Score Distribution

Percentile by Number Answered

Percent of People with Each Score

Your Score History

You have not taken this quiz